000 00597nam a2200241Ia 4500
003 OSt
005 20220924142813.0
006 a|||||r|||| 00| 0
007 ta
008 ASM
020 _a8186827134X (hbk)
024 _a303376
037 _cTextual
040 _aARTS
_cARTS
_bASM
041 _2ASM
_aASM
082 _aO158,3N32x, N7
100 _aBorgohain Nirupma
_9214104
245 0 _aBiswas aru sansayar majedi
260 _c1997
650 _aASSAMESE LITERATURE
_911738
942 _hO158,3N32x, N7
_cTEXL
_2CC
999 _c452035
_d452035